00452 2200169 4500001002100000008004100021035002000062245006400082100001900146260003600165300001100201020001700212084001700229082001100246650001200257990001300269INLIS000000000000763 ind  a0010-0120000763 aKumpulan Kisah Kota 1001 MalambDari BaghdadcMB. Rahimsyah aRahimsyah, MB. aSurabaya:bTerbit Terang,c2003 c21 cm. aNOISBN-00168 a398.24 RAH k a398.24 aDongeng a11900275